Knižničná a informačná veda XXVII zborník Filozofickej fakulty Univerzity Komenského
Na minha lista:
| Autor Corporativo: | |
|---|---|
| Outros Autores: | |
| Formato: | Livro |
| Idioma: | eslovaco inglês |
| Publicado em: |
Bratislava
Vydavateľstvo UK
2017
|
| Colecção: | Universitas Comeniana
|
| Assuntos: | |
| Tags: |
Sem tags, seja o primeiro a adicionar uma tag!
|
MARC
| LEADER | 00000nam a2200000 4500 | ||
|---|---|---|---|
| 001 | 0242932 | ||
| 005 | 20230113122908.6 | ||
| 020 | |a 978-80-223-4439-5 | ||
| 041 | 0 | |a slo | |
| 041 | 0 | |a eng | |
| 044 | |a SK | ||
| 245 | 1 | 0 | |a Knižničná a informačná veda XXVII |b zborník Filozofickej fakulty Univerzity Komenského |c zodpovedná redaktorka: Lucia Lichnerová |
| 264 | 1 | |a Bratislava |b Vydavateľstvo UK |c 2017 | |
| 300 | |a 205 s. | ||
| 490 | 1 | |a Universitas Comeniana | |
| 830 | 0 | |a Universitas Comeniana | |
| 610 | 2 | 0 | |a knihoveda |
| 610 | 2 | 0 | |a knihovníctvo |
| 610 | 2 | 0 | |a modelovanie |
| 610 | 2 | 0 | |a informácie |
| 610 | 2 | 0 | |a správanie |
| 610 | 2 | 0 | |a digitalizácia |
| 610 | 2 | 0 | |a vedy humanitné |
| 610 | 2 | 0 | |a vedy spoločenské |
| 610 | 2 | 0 | |a siete sociálne |
| 610 | 2 | 0 | |a univerzity |
| 610 | 2 | 0 | |a gramotnosť digitálna |
| 610 | 2 | 0 | |a archívnictvo |
| 610 | 2 | 0 | |a knižnice |
| 610 | 2 | 0 | |a stránky webové |
| 610 | 2 | 0 | |a programy počítačové |
| 610 | 2 | 0 | |a bibliografia |
| 610 | 2 | 0 | |a gramotnosť informačná |
| 610 | 2 | 0 | |a koncepcie |
| 610 | 2 | 0 | |a Slovensko |
| 700 | 1 | |a Lichnerová, Lucia | |
| 710 | 2 | |a Univerzita Komenského v Bratislave. Filozofická fakulta | |